| 000 | 00959nam a2200265Ia 4500 | ||
|---|---|---|---|
| 999 |
_c5706 _d5706 |
||
| 003 | OSt | ||
| 005 | 20200320134712.0 | ||
| 008 | 191128s1980 mx a gr 000 0 und d | ||
| 020 | _a9681805410 | ||
| 040 |
_aCO-JMCR _cCO-JMCR |
||
| 082 | 0 | 4 |
_a003 / _bG367e |
| 082 | _b | ||
| 100 | 1 |
_aGerez, Víctor, _eautor _91755 |
|
| 245 | 1 | 0 |
_aEl enfoque de sistemas / _bVictor Gerez |
| 250 | _aPrimera edición | ||
| 260 |
_aMéxico : _bLimusa, _c1980 |
||
| 300 |
_a580 páginas : _bilustraciones en blanco y negro ; _c24 cm. |
||
| 505 | _aEl enfoque del sistema -- Morfología de sistemas -- Descripción de sistemas -- Problemas -- Bibliografía -- Jerarquización -- Introducción -- Clases de subdivisiones en la jerarquización de sistemas | ||
| 546 | _aspa | ||
| 650 | 1 | 4 |
_aAnálisis de sistemas _91155 |
| 650 | 2 | 4 |
_a Enfoque de sistemas _91756 |
| 650 | 2 | 4 |
_aDescripción de sistemas _91757 |
| 700 | 1 |
_a Grijalva, Manuel, _eautor _91758 |
|
| 942 |
_2ddc _cBK |
||